Normal view
MARC view
Entry Personal Name
001 - CONTROL NUMBER
- control field: 6178
003 - CONTROL NUMBER IDENTIFIER
- control field: ARRUPE
005 - DATE AND TIME OF LATEST TRANSACTION
- control field: 20131219173123.0
008 - FIXED-LENGTH DATA ELEMENTS
- fixed length control field: 131219|| aca||aabn | a|a d
040 ## - CATALOGING SOURCE
- Original cataloging agency: ARRUPE
- Transcribing agency: ARRUPE
100 ## - HEADING--PERSONAL NAME
- Personal name: Ndlovo-Gatsheni, Sabelo
670 ## - SOURCE DATA FOUND
- Source citation: Work cat.: (ARRUPE): Ndlovo-Gatsheni, Sabelo, The Zimbabwe Nation-State Project, 2011